| 000 | 00421nam a2200181Ia 4500 | ||
|---|---|---|---|
| 001 | 9017 | ||
| 005 | 20260306160652.0 | ||
| 008 | 260306t2018||||xx |||||||||||||| ||spa|| | ||
| 041 | _aESP | ||
| 082 |
_a372.241 _bL539 |
||
| 100 |
_aLexus Editores _eAUT |
||
| 245 | 0 | _aManual del docente preescolar | |
| 260 | _c2018 | ||
| 300 |
_a539 páginas : _c26 cm. |
||
| 650 | _aGEN | ||
| 654 | _aCED | ||
| 942 |
_cLIB _dJUS _fJUS _2ddc _n |
||
| 999 |
_c9017 _d9017 |
||